| 000 | 00525nam a2200181 i 4500 | ||
|---|---|---|---|
| 001 | 138627 | ||
| 003 | ES-MaACL | ||
| 005 | 20240502063045.0 | ||
| 007 | t| | ||
| 008 | 070214s1978 sp r ||||1| spa d | ||
| 100 | 0 |
_aSantana, Lázaro, _d1940- _9103324 |
|
| 245 | 1 | 0 |
_aCristino de Vera / _cLázaro Santana. |
| 260 |
_aSanta Cruz de Tenerife : _bFablas, _c1978. |
||
| 300 |
_a41 p., 40 lám. ; _c22 cm. |
||
| 600 | 0 | 4 |
_aVera, Cristino de. _9113940 |
| 852 |
_aES-MaACL _jA-9499 _bR.98711 |
||
| 999 |
_c138627 _d138627 |
||